00458cam a2200181ua 45000010005000000080039000050400009000440410008000530820014000611000026000752450051001012500009001522600035001613000017001966530013002136530021002267000029002472427160802n ii |||gr||||Z||||||asm cMAIN aasm a398.09145 aed. by Das, Narayan., aAsamiya sanskritir kanikaced. by Narayan Das  a2nd. aGuahati:bChandra prakash,998. a190p:c23cm. aFolklore aAssamese culture aRajbangshi, Paramananda,